| 000 | 00645nam a2200181 a 4500 | ||
|---|---|---|---|
| 001 | 000038338 | ||
| 005 | 20251120073733.0 | ||
| 008 | 130409s1981 dr ab 000 0 spa d | ||
| 040 |
_aDO-SdBNP _bspa _cBNPHU |
||
| 245 | 1 | 3 |
_aEl desarrollo regional de Bonao : _brealidad y futuro / _cpresentación Gilberto de la Rosa. |
| 246 | 1 | 0 | _aRealidad y futuro |
| 260 |
_aSantiago de los Caballero, República Dominicana : _bUCMM, _c1981. |
||
| 300 |
_a147 p. : _bil., mapas. ; _c23 cm. |
||
| 490 | 1 | _aEstudios | |
| 700 | 1 |
_aDe la Rosa, Gilberto _epres. _964700 |
|
| 710 | 2 |
_aPontificia Universidad Católica Madre y Maestra _9843 |
|
| 830 | 0 |
_aEstudios _93854 |
|
| 999 |
_c37828 _d37828 |
||